000 00590nam a2200205Ia 4500
003 OSt
005 20220926024249.0
006 a|||||r|||| 00| 0
007 ta
008 220923b |||||||| |||| 00| 0 eng d
037 _cGeneral Book
040 _aRTL
_cRTL
_beng
041 _2eng
_aeng
082 _aX9:9(22.N34).254r, G
245 0 _aOrissa
_b Annual report on the working of the factories.
260 _aOrissa
_bWorking of the factories orissa
_c1937
300 _a24p
_ccm.
942 _hX9:9(22.N34).254r, G
_cGB
_2CC
999 _c643564
_d643564